Funciones que cumplen los organismos antimonopolios
Saved in:
| Institution som forfatter: | |
|---|---|
| Format: | Bog |
| Sprog: | spansk |
| Udgivet: |
Santiago
Jurídica de Chile
1992
|
| Serier: | Textos Legales, 129
|
| Fag: | |
| Tags: |
Tilføj Tag
Ingen Tags, Vær først til at tagge denne postø!
|
MARC
| LEADER | 00000nam a2200000 a 4500 | ||
|---|---|---|---|
| 001 | UCV2498 | ||
| 003 | CL-VaPUC | ||
| 008 | 920805e19920000CL |||||||||||||||||spa|d | ||
| 082 | 0 | 4 | |a 343.072 |b FIS |2 21 |
| 110 | 2 | |a Fiscalía Nacional Económica |e author |9 296740 | |
| 245 | 1 | 0 | |a Funciones que cumplen los organismos antimonopolios |
| 300 | |a 128 p | ||
| 942 | |c BK | ||
| 945 | |d 19920805 00:00:00 | ||
| 260 | |a Santiago |b Jurídica de Chile |c 1992 | ||
| 650 | 7 | |a LEY ANTIMONOPOLIOS |2 CL-VaPUC |9 257880 | |
| 651 | 7 | |a CHILE |2 CL-VaPUC |9 296741 | |
| 583 | |a last modification |c 19920805 00:00:00 |k Rodrigo Vera | ||
| 490 | 0 | |a Textos Legales, 129 | |
| 999 | |c 210048 |d 210046 | ||
| 952 | |0 0 |1 0 |4 0 |6 343_072000000000000_FIS_1992 |7 0 |8 A |9 186050 |a BIBDER |b BIBDER |d 2019-11-14 |i 2535106 |l 1 |m 1 |o 343.072 FIS 1992 |p 2535106 |r 2023-08-29 |s 2023-07-06 |w 2019-11-14 |y BK |k DER | ||